书目信息 |
| 题名: |
纯碱制造技术
|
|
| 作者: | 王全 编著 | |
| 分册: | ||
| 出版信息: | 北京 化学工业出版社 2010.01 |
|
| 页数: | 228页 | |
| 开本: | 26cm | |
| 丛书名: | ||
| 单 册: | ||
| 中图分类: | TQ114.1 | |
| 科图分类: | ||
| 主题词: | 纯碱生产 | |
| 电子资源: | ||
| ISBN: | 978-7-122-07012-8 | |
| 000 | 01103nam0 2200241 450 | |
| 001 | 0011261488 | |
| 005 | 20100510090605.37 | |
| 010 | @a978-7-122-07012-8@dCNY49.00 | |
| 100 | @a20100515d2010 em y0chiy0110 ea | |
| 101 | 0 | @achi |
| 102 | @aCN@b110000 | |
| 105 | @aa z 000yy | |
| 200 | 1 | @a纯碱制造技术@Achun jian zhi zao ji shu@d= Technology soda@f王全编著@zeng |
| 210 | @a北京@c化学工业出版社@d2010.01 | |
| 215 | @a228页@c图@d26cm | |
| 330 | @a本书由从事纯碱工业科研、设计四十余年的王全教授编著,是纯碱行业宝贵的经验总结。内容以不冷式碳化制碱技术为主,包括基础研究,生产应用的工艺过程、物热平衡、技术装备和技术经济分析。全书按联合制碱法,不冷式碳化联合制碱技术,氨碱法和其他纯碱制造技术分为四篇十章。既有理论,又注重实际。其中,不冷式碳化联碱生产技术成功突破了经典的索尔维制碱碳酸氢钠结晶冷却成长理论。 | |
| 333 | @a本书可为从事纯碱工业生产、研究、管理的科技人员提供重要的参考信息,也可供相关专业大专院校师生阅读参考。 | |
| 510 | 1 | @aTechnology soda@zeng |
| 606 | 0 | @a纯碱生产 |
| 690 | @aTQ114.1@v4 | |
| 701 | 0 | @a王全@Awang quan@4编著 |
| 801 | 0 | @aCN@c20100515 |
| 905 | @dTQ114.1@eW315@f3 | |
| 纯碱制造技术= Technology soda/王全编著.-北京:化学工业出版社,2010.01 |
| 228页:图;26cm |
| 使用对象:本书可为从事纯碱工业生产、研究、管理的科技人员提供重要的参考信息,也可供相关专业大专院校师生阅读参考。 |
| ISBN 978-7-122-07012-8:CNY49.00 |
| 本书由从事纯碱工业科研、设计四十余年的王全教授编著,是纯碱行业宝贵的经验总结。内容以不冷式碳化制碱技术为主,包括基础研究,生产应用的工艺过程、物热平衡、技术装备和技术经济分析。全书按联合制碱法,不冷式碳化联合制碱技术,氨碱法和其他纯碱制造技术分为四篇十章。既有理论,又注重实际。其中,不冷式碳化联碱生产技术成功突破了经典的索尔维制碱碳酸氢钠结晶冷却成长理论。 |
| ● |
| 相关链接 |
|
|
|
正题名:纯碱制造技术
索取号:TQ114.1/W315
 
预约/预借
| 序号 | 登录号 | 条形码 | 馆藏地/架位号 | 状态 | 备注 |
| 1 | 981420 | 209814209 | 自科库501/501自科库 139排5列2层/ [索取号:TQ114.1/W315] | 在馆 | |
| 2 | 981421 | 209814218 | 自科库501/501自科库 139排5列2层/ [索取号:TQ114.1/W315] | 在馆 | |
| 3 | 981422 | 209814227 | 期刊室512/501自科库 139排5列2层/ [索取号:TQ114.1/W315] | 在馆 |